00405pab a2200133 454500008004000000100002000040245009400060260000900154300001300163362001100176650003600187650002800223773002000251180718b2006 xxu||||| |||| 00| 0 eng d aSaxena, Chandni aEnvironmental awareness in ancient India (from Indus Valley Civilization to Buddhist age) c2006 ap.79-84. a20 Mar aEnvironmental awareness - India aEnvironmental awareness aUniversity News